000 00604cam a2200145 4500500
005 20260208002439.0
041 _afre
042 _adc
100 1 0 _avan Woerkens, Martine
_eauthor
245 0 0 _aVéronique Bouillier, Itinérance et vie monastique. Les ascètes Nath Yogis en Inde contemporaine. Paris, Éd. de la Maison des sciences de l’homme, 2009, 310 p., bibl., index, ill., cartes
260 _c2011.
500 _a6
786 0 _nL'Homme | 197 | 1 | 2011-01-01 | p. 205m-207m | 0439-4216
856 4 1 _uhttps://shs.cairn.info/revue-l-homme-2011-1-page-205m?lang=fr&redirect-ssocas=7080
999 _c1646388
_d1646388